Frontiers of nutrition and food security in Asia, Africa, and Latin America
Saved in:
| Format: | Book |
|---|---|
| Language: | Undetermined |
| Published: |
U.S.A
Smithsonian Institution
1992
|
| Subjects: | |
| Tags: |
Add Tag
No Tags, Be the first to tag this record!
|
| Institutions: | Trung tâm Học liệu Trường Đại học Cần Thơ |
|---|
| LEADER | 00543nam a2200157Ia 4500 | ||
|---|---|---|---|
| 001 | CTU_28265 | ||
| 008 | 210402s9999 xx 000 0 und d | ||
| 082 | |a 363.8 | ||
| 082 | |b F635 | ||
| 245 | 0 | |a Frontiers of nutrition and food security in Asia, Africa, and Latin America | |
| 260 | |a U.S.A | ||
| 260 | |b Smithsonian Institution | ||
| 260 | |c 1992 | ||
| 650 | |a food supply - developing countries - congresses,nutrition - developing countries - congresses | ||
| 904 | |i Liên, 981112 | ||
| 980 | |a Trung tâm Học liệu Trường Đại học Cần Thơ | ||